| 000 | 00927nam a22003017a 4500 | ||
|---|---|---|---|
| 003 | CHAP | ||
| 005 | 20220329134955.0 | ||
| 008 | 971013s1968 us r 00010 eng d | ||
| 010 | _a28913 | ||
| 011 | _a29885 | ||
| 035 | _a33996 | ||
| 040 | _cCHAP | ||
| 082 | 0 | 4 |
_a001.6424 _bL46 1968 |
| 100 | 0 | 0 |
_aLeeson, Daniel N. _965621 |
| 245 | 1 | _aBasic programming concepts and the IBM 1620 computer | |
| 250 | _a2 ed. | ||
| 260 |
_aNew York : _bHolt, Rinehart and Winston, _c1968 |
||
| 300 |
_a460 p. _b: ilus. |
||
| 590 |
_aBATCH-UPD _b10 _c20130110 _lUCH01 _h0310 |
||
| 590 |
_aBATCH-UPD _b10 _c20130110 _lUCH01 _h2120 |
||
| 590 |
_aCONVERSION _b10 _c20130109 _lUCH01 _h1317 |
||
| 650 | 1 | 4 |
_aIBM 1620 (Computadora) _957222 |
| 700 | 0 |
_aDimitry, Donald l. _932605 |
|
| 700 | 0 |
_aWallstedt, Eric K. _9120950 |
|
| 901 | _aBK | ||
| 942 | _cLIBRO | ||
| 949 |
_a001.6424 L46 1968 _bBC _cLIBRO _d33724000292835 _eLIBRO _h29360 _i33996 _si _t137.50 |
||
| 999 |
_c28913 _d28913 |
||